[Event "Monteros op 7th"]
[Site "Monteros"]
[Date "2017.08.19"]
[Round "1"]
[White "Lorenzini, Martin"]
[Black "Chavero, Pablo"]
[Result "1-0"]
[WhiteElo "2438"]
[BlackElo "1950"]
[PlyCount "66"]
[EventDate "2017.08.19"]
[EventType "swiss"]
[EventRounds "7"]
[EventCountry "ARG"]
[SourceTitle "EXT 2020"]
[Source "ChessBase"]
[SourceDate "2019.10.17"]
[SourceVersion "1"]
[SourceVersionDate "2019.10.17"]
[SourceQuality "1"]

1. e4 e6 2. d4 d5 3. Nd2 Be7 4. Ngf3 Nf6 5. e5 Nfd7 6. Bd3 c5 7. c3 Nc6 8. 0-0 0-0 9. Re1 a6 10. dxc5 Nxc5 11. Nb3 Nxd3 12. Qxd3 Bd7 13. Bf4 Rc8 14. Rad1 Na5 15. Nxa5 Qxa5 16. a3 Qb5 17. Qb1 Rc4 18. Nd4 Qa5 19. Rd3 Rfc8 20. h4 Qb6 21. Rg3 g6 22. h5 Be8 23. Be3 Bc5 24. Nf3 Bxe3 25. Rxe3 Rxc3 26. Rxc3 Rxc3 27. Rg4 Rc4 28. Rxc4 dxc4 29. Qc1 Qb3 30. h6 Bc6 31. Nd2 Qd3 32. Nxc4 Qe4 33. f3 Qh4 1-0